Music Quiz

Random Music Quiz

My Chemical Romance Word Cloud Quiz Stats

 Plays Quiz not verified by Sporcle

Score 0/31 Timer 10:00
0 Plays Today
Answer % Correct
Welcome To the Black Parade
91.6%
House of Wolves
87.9%
Famous Last Words
87.3%
Bulletproof Heart
84.7%
Cemetery Drive
84.5%
Party Poison
83.9%
Hang 'Em High
81.6%
Vampire Money
80.7%
Honey, This Mirror Isn't Big Enough For the Two Of Us
80.5%
Thank You For The Venom
80.2%
The Sharpest Lives
80.2%
Drowning Lessons
80.1%
Skylines and Turnstiles
79.1%
The Ghost of You
79.1%
Demolition Lovers
77.7%
Headfirst For Halos
77%
Answer % Correct
Give 'Em Hell, Kid
76.5%
The Kids From Yesterday
76.2%
Our Lady of Sorrows
75.5%
Early Sunsets Over Monroeville
75.1%
You Know What They Do To Guys Like Us In Prison
74.6%
It's Not A Fashion Statement, It's A Deathwish
73.7%
Vampires Will Never Hurt You
70.8%
The Jetset Life Is Gonna Kill You
67.1%
This Is How I Disappear
66.6%
I Never Told You What I Do For A Living
59.8%
Save Yourself, I'll Hold Them Back
56.3%
This Is the Best Day Ever
53.6%
To The End
51.4%
The Only Hope For Me Is You
47.3%
I Don't Love You
45.8%

You're not logged in!

Compare scores with friends on all Sporcle quizzes.
OR
Log In

Sporcle TV

Today on Sporcle TV


Watch our educational content, quiz creation guides, and fun videos on Sporcle TV.

Show Comments

Extras

Top Quizzes Today


Score Distribution

Your Account Isn't Verified!

In order to create a playlist on Sporcle, you need to verify the email address you used during registration. Go to your Sporcle Settings to finish the process.

Report this User

Report this user for behavior that violates our Community Guidelines.

Details: